Macmillan/McGraw-Hill social studies / (Record no. 13399)
[ view plain ]
| 000 -LEADER | |
|---|---|
| fixed length control field | 00931cam a2200325Ia 4500 |
| 020 ## - INTERNATIONAL STANDARD BOOK NUMBER | |
| ISBN | 0021492719 (Gr. K) |
| 020 ## - INTERNATIONAL STANDARD BOOK NUMBER | |
| ISBN | 0021492727 (Gr. 1) |
| 020 ## - INTERNATIONAL STANDARD BOOK NUMBER | |
| ISBN | 0021492735 (Gr. 2) |
| 020 ## - INTERNATIONAL STANDARD BOOK NUMBER | |
| ISBN | 0021492743 (Gr. 3) |
| 020 ## - INTERNATIONAL STANDARD BOOK NUMBER | |
| ISBN | 0021492751 (Gr. 4) |
| 020 ## - INTERNATIONAL STANDARD BOOK NUMBER | |
| ISBN | 0021492778 (Gr. 5, v. 1) |
| 020 ## - INTERNATIONAL STANDARD BOOK NUMBER | |
| ISBN | 0021492786 (Gr. 5, v. 2) |
| 020 ## - INTERNATIONAL STANDARD BOOK NUMBER | |
| ISBN | 0021492794 (Gr. 6, v. 1) |
| 020 ## - INTERNATIONAL STANDARD BOOK NUMBER | |
| ISBN | 0021492816 (Gr. 6, v. 2) |
| 040 ## - CATALOGING SOURCE | |
| Transcribing agency | MAN |
| 082 ## - DEWEY DECIMAL CLASSIFICATION NUMBER | |
| Classification number | 372 MAC 2003 A014 Or. |
| 245 00 - TITLE STATEMENT | |
| Title | Macmillan/McGraw-Hill social studies / |
| 246 13 - VARYING FORM OF TITLE | |
| Title proper/short title | Social studies |
| 250 ## - EDITION STATEMENT | |
| Edition statement | Teacher's edition |
| 260 ## - PUBLICATION, DISTRIBUTION, ETC. (IMPRINT) | |
| Place of publication | New York : |
| Name of publisher | Macmillan/McGraw-Hill, |
| Year of publication | c2003 |
| 300 ## - PHYSICAL DESCRIPTION | |
| Number of Pages | 9 v. : |
| Other physical details | ill. ; |
| Dimensions | 31 cm |
| 500 ## - GENERAL NOTE | |
| General note | Includes indexes |
| 650 #0 - SUBJECT ADDED ENTRY--TOPICAL TERM | |
| Topical Term | Social sciences |
| 650 #0 - SUBJECT ADDED ENTRY--TOPICAL TERM | |
| Topical Term | Social sciences |
| 650 #0 - SUBJECT ADDED ENTRY--TOPICAL TERM | |
| Topical Term | Geography |
| 650 #0 - SUBJECT ADDED ENTRY--TOPICAL TERM | |
| Topical Term | Geography |
| 700 1# - ADDED ENTRY--PERSONAL NAME | |
| Personal name | Banks, James A |
| 710 2# - ADDED ENTRY--CORPORATE NAME | |
| Corporate name or jurisdiction name as entry element | Macmillan/McGraw-Hill School Publishing Company |
| 942 ## - ADDED ENTRY ELEMENTS (KOHA) | |
| Koha item type | សៀវភៅភាសាអង់គ្លេស |
| 952 ## - LOCATION AND ITEM INFORMATION (KOHA) | |
| Withdrawn status [LOCAL, KOHA] | 0 |
| Permanent Location | Date acquired | Koha item type | Lost status | Shelving location | Barcode | Current Location | Full call number |
|---|---|---|---|---|---|---|---|
| Library Block A | 2017-08-25 | សៀវភៅភាសាអង់គ្លេស | A014 | A18634 | Library Block A | 372 MAC 2003 A014 Or. |